000 00687nam a2200193Ia 4500
003 GCL
008 140319s9999 xx 000 0 ara d
040 _aGCL /
_cGCL
082 0 4 _a412
_bك ق
100 1 _aكريم زكى حسام الدين
245 1 0 _aالقرابة دراسة انثرو لغوية لالفاظ وعلاقات القرابة فى الثقافة العربية /
_cكريم زكى حسام الدين
260 _a[S.N] :
_bمكتبة الانجلوالمصرية ،
_c1990
300 _a379 ص
490 _aالمكتبة اللغوية
_v0
650 0 4 _aالاشتقاق
650 0 4 _aاللغة العربية
650 0 4 _aالفاظ
942 _2ddc
_cBK
999 _c31723
_d31723